000 00785nam a2200241Ia 4500
003 GCL
008 140319s9999 xx 000 0 ara d
020 _a3195609977
040 _aGCL /
_cGCL
082 0 4 _a362.42
_bم ر
100 1 _aمحمد السيد حلاوة
245 1 0 _aالرعاية الاجتماعية للطفل الاصم /
_cمحمد السيد حلاوة
260 _aالقاهرة :
_bالمكتبة المصرية ،
_c2003
300 _a176 ص ؛
_c24 سم
490 _aالطفل العربى
_v0
650 0 4 _aالصم
650 0 4 _aالاطفال - رعاية
650 0 4 _aالصم - تعليم
650 0 4 _aالصم - وسائل اتصال
650 0 4 _aالصم - رعاية
650 0 4 _aالاطفال الصم - لغة
942 _2ddc
_cBK
999 _c6168
_d6168